01484nam0a22002651 4500001001100000005001700011035002600028100004100054101001300095102000700108105001800115200015400133210010100287215004300388300006200431464040900493513002200902700003900924702003900963702013301002801001801135801002201153852002501175852001801200rc\296861920260407071538.0 a(NLR Aleph) 007114906 a20110906d1937 |||y0rusy50 ca1 aruscfre aRU ay z |||||1 aЧерная кровьeРоманfЛуи ГийуgПер. с франц. Ф. ШипулинскогоgПослесл. Ив. Анисимова aМоскваcГослитиздатd1937eКалугаgтип. Мособлполиграфа aПереплет, 630 с.d20х14 см aДоб. тит. л.: "Louis Guilloux. Le sang noir. 1935" 012001#$aО "Черной крови" и других произведениях Луи Гийу1700#1$aАнисимов$bИ.И.$cд-р филол. наук$f1899-1966$gИван Иванович$3RU\NLR\AUTH\770280221$4070tО "Черной крови" и других произведениях Луи ГийуaАнисимов, Иван Иванович (д-р филол. наук ; 1899-1966)00aLe sang noirzfre 1aГийуbЛ.f1899-1980gЛуи 1aШипулинскийbФ.4730 140757ca8rusaАнисимовbИ. И.cд-р филол. наукf1899-1966gИван Иванович3RU\NLR\AUTH\770280221 0aRUbNLRgpsbo 1aRUbELAR2rusmarc aNLRbЛj60 В-3/134 aNLRj37-3/689